English Monarchs that were born and died in the same century since 106 - Statistics

General Stats
  • This quiz has been taken 9 times
  • The average score is 15 of 17
Answer Stats
Answer % Correct
Charles II
100%
Edward III
100%
Edward IV
100%
Edward V
100%
Edward VI
100%
Henry II
100%
Henry III
100%
Henry VI
100%
Mary I
100%
Mary II
100%
William I
100%
William II
100%
Richard I
71%
Richard II
71%
Richard III
71%
Harold
29%
Edward the Confessor
14%
No matching quizzes found
Score Distribution
Percent of People with Each Score
Percentile by Number Answered
Your Score History
You have not taken this quiz